• 首页
  • 本馆介绍
  • 公告通知
  • 最新文献
  • 馆藏检索
  • 电子资源
  • 读者导购
  • 参考咨询
  • 我的图书馆
  • 登录
  • 详细信息显示
  • 放入我的书架
  • 预约/预借图书
  • 作者相关作品
  • 分类相关作品
  • 丛书相关作品
  • 出版社相关作品

书目信息

  • 表格格式
  • 工作单格式
  • 卡片格式
题名:
吕叔湘译文集
    
 
作者: 吕叔湘 译
分册:  
出版信息: 上海   上海译文出版社  1983.09
页数: 531页
开本: 21cm
丛书名:
单 册:
中图分类: I712.11
科图分类:
主题词: 文学
电子资源:
ISBN:
000 00637nam0 2200241 45
001 0183007409
005 20040407163112.5
010    @dCNY1.70
091    @a10188.420
100    @a19950930d1983 em y0chiy0121 ea
101 1  @achi@cmul
102    @aCN@b310000
105    @ay z 000zy
106    @ar
200 10 @a吕叔湘译文集@Alu shu xiang yi wen ji@f吕叔湘译
210    @a上海@c上海译文出版社@d1983.09
215    @a531页@d21cm
606 0  @a文学
690    @aI712.11
701  0 @a吕叔湘@Alu shu xiang@4译
801  0 @aCN@b上海图书馆@c20040407
801  2 @aCN@bNLC@c20040407
905    @f2@b100547-548@f2@b177574-575@dI712.11@e71
    
    吕叔湘译文集/吕叔湘译.-上海:上海译文出版社,1983.09
    531页;21cm
    
    
    ISBN :CNY1.70
    
●
相关链接 在E读中查询图书 在五车中查询图书 在当当中查询图书 在豆瓣中查询图书


正题名:吕叔湘译文集     索取号:I712.11/71         预约/预借

序号 登录号 条形码 馆藏地/架位号 状态 备注
1 0100547   000130646   密集书库/ [索取号:I712.11/71] 在馆    
2 0100548   000130637   密集书库/ [索取号:I712.11/71] 在馆    
3 0100549   000130628   第一样本阅览室/ [索取号:I712.11/71] 在馆    
4 0177574   000130682   密集书库/ [索取号:I712.11/71] 在馆    
5 0177575   000130619   第二借阅区/ [索取号:I712.11/71] 在馆    
唐山师范学院图书馆 欢迎您!
大连网信软件有限公司© 版权所有